000 00632nam a2200277Ia 4500
005 20260121124536.0
008 008 260114s9999 xx 000 0 eng d
020 _a9781503635678
037 _aEBOOK
040 _aCRL
040 _beng
040 _cCRL
041 _2eng
041 _aeng
084 _qCRL
100 _aVieweg, Klaus
_9977763
245 0 _aHegel
260 _bWalter de Gruyter
260 _bWalter de Gruyter
260 _c2023
650 _aPhilosophy
_9977764
856 _uhttp://www.degruyter.com/isbn/9781503635678
942 _cEBOOK
999 _c1555365
_d1555365